LEADER 01022nam a2200241 i 4500 001 000000216966 003 CaOOAMICUS 005 20121115000000.0 008 121115s1972 it u000 u ita u 013 $a195862 040 $aSeMil$bita 245 10$aOn quaicoss de noeuv :$bavventure nella Milano d'oggi /$cCarlo Finestra. 260 $aMilano :$bU. Mursia & C.,$c1972. 300 $a311 p. ;$c23 cm. 490 0 $aCittą : fatti e figure ;$v3 500 $aIn testa al front.: lo pseud. dell'a. Carlo Finestra. 650 4$aMilano - Folclore.$0(OLS)http://semarc/subject/4478 650 4$aMilano - Usi e costumi.$0(OLS)http://semarc/subject/9041 830 0$aCittą : fatti e figure ;$v3.$0(OLS)http://semarc/title/25353 850 $aSeMil 852 $aSeMil$W1$xVenegono$y1$m3O III 170$j167382$B167382$CSeMilBibl$Z2$F178174 $81 996 $6245$aOn quaicoss de noeuv :$bavventure nella Milano d'oggi$9(OLS)http://semarc/title/311844 996 $6260$aMilano :$bU. Mursia & C.$9(OLS)http://semarc/publisher/31860 LEADER 01261nam a2200277 i 4500 001 000000060857 003 CaOOAMICUS 005 20140606000000.0 008 140606s1950 it u000 u ita u 013 $a32029 040 $aSeMil$bita 100 1 $aManacorda, Guido,$d<1879-1965>.$0(OLS)http://semarc/name/5618 245 10$aSatana :$bcorso tenuto all'Angelicum (novembre-dicembre 1949 /$cda Guido Manacorda ; "Reportata" a cura di Vera Giulini e Giorgio Tansini. 260 $a[Milano] :$bColonnello,$cstampa 1950. 300 $a125 p. ;$c25 cm. 490 0 $aQuaderni dell'Angelicum 500 $aCon dedica omaggio dell'editore al Card. Schuster. 650 4$aSatana.$0(OLS)http://semarc/subject/10333 700 1 $aTansini, Giorgio.$0(OLS)http://semarc/name/30936 700 1 $aGiulini, Vera.$0(OLS)http://semarc/name/30935 830 0$aQuaderni dell'Angelicum.$0(OLS)http://semarc/title/27704 850 $aSeMil 852 $aSeMil$W1$xVenegono$y1$m2K IV 90$j27010$B27010$CSeMilBibl$Z2$F27013 $81 961 $aRecupero: Schuster beato Alfredo Ildefonso 996 $6245$aSatana :$bcorso tenuto all'Angelicum (novembre-dicembre 1949$9(OLS)http://semarc/title/402626 996 $6260$a[Milano] :$bColonnello$9(OLS)http://semarc/publisher/56144